000 00519nam a2200181Ia 4500
008 220216s9999 xx 000 0 und d
100 _aPangga I B
_cet al
245 0 _aPathogen dynamics in a crop canopy and their evolution under changing climate
260 _bPlant Pathology
_c2011
300 _a70-81
650 _aColletotrichum gloeosporioides
650 _aElevated CO2
650 _aModelling
650 _aPathogen evolution
650 _aStylosanthes scabra
650 _aVirtual plants
942 _cJS
999 _c64632
_d64632